Indian economy : (Record no. 148506)

MARC details
000 -LEADER
fixed length control field 00582nam a22001937a 4500
005 - DATE AND TIME OF LATEST TRANSACTION
control field 20171228112723.0
010 ## - LCCN (DPL NO)
LC control number ENG-121981
020 ## - INTERNATIONAL STANDARD BOOK NUMBER
International Standard Book Number 9788183501972
Terms of availability 260.00
035 ## - SYSTEM CONTROL NUMBER
System control number EN-105513
037 ## - SOURCE OF ACQUISITION
Source of stock number/acquisition DBAD/PUB
082 ## - DEWEY DECIMAL CLASSIFICATION NUMBER
Classification number 330.954
100 ## - MAIN ENTRY--PERSONAL NAME
Personal name Bhargava, B.K.
245 ## - TITLE STATEMENT
Title Indian economy :
Statement of responsibility, etc by B.K. Bhargava [and] Vandana Sethi
Remainder of title Performance and Policies /
260 ## - PUBLICATION, DISTRIBUTION, ETC. (IMPRINT)
Place of publication, distribution, etc New Delhi
Name of publisher, distributor, etc Sultan Chand
Date of publication, distribution, etc 2014
270 ## - ADDRESS
Address 4859/24, Darya Ganj,
City New Delhi
Postal code 110002
300 ## - PHYSICAL DESCRIPTION
Extent 152p.
Dimensions 22cm(Hb)
700 ## - ADDED ENTRY--PERSONAL NAME
Personal name Sethi, Vandana
942 ## - ADDED ENTRY ELEMENTS (KOHA)
Source of classification or shelving scheme Dewey Decimal Classification
Item type English Books
Classification part 330.954
Call number suffix BHA
Holdings
Withdrawn status Lost status Not for loan Collection code Home library Current library Date acquired Source of acquisition Cost, normal purchase price Full call number Barcode Copy number Cost, replacement price Koha item type
      Non-fiction Sarojini Nagar Sarojini Nagar 28/12/2017 DBAD/PUB 260.00 330.954 BHA EN-105513 1 260.00 English Books

© Delhi Public Library
Hit Counter
free hit counter